Witches and witch-hunts : a global history
Αποθηκεύτηκε σε:
| Κύριος συγγραφέας: | |
|---|---|
| Μορφή: | Βιβλίο |
| Γλώσσα: | English |
| Δημοσίευση: |
Cambridge :
Polity Press,
2004
|
| Σειρά: | Themes in history
|
| Θέματα: | |
| Ετικέτες: |
Προσθήκη ετικέτας
Δεν υπάρχουν, Καταχωρήστε ετικέτα πρώτοι!
|
MARC
| LEADER | 00000nam a2200000 i 4500 | ||
|---|---|---|---|
| 001 | 1/91681 | ||
| 008 | 080730s2004 eng d | ||
| 020 | |a 978-0-7456-2718-2 | ||
| 035 | |l 10099290 | ||
| 040 | |a GR-MY-UA |b gre |e aacr | ||
| 041 | 0 | |a eng | |
| 082 | 0 | |a 306.4 |2 (22) | |
| 100 | 1 | |a Behringer, Wolfgang. | |
| 245 | 1 | 0 | |a Witches and witch-hunts : |b a global history / |c Wolfgang Behringer |
| 260 | |a Cambridge : |b Polity Press, |c 2004 | ||
| 300 | |a xxi, 337 σ.; |b εικ., χάρτες, πίν. ; |c 24 εκ. | ||
| 490 | 1 | |a Themes in history | |
| 504 | |a Βιβλιογραφία: σ. 278-315 | ||
| 504 | |a Ευρετήριο: σ. 316-337 | ||
| 650 | 0 | 0 | |a Witchcraft |x History. |
| 650 | 0 | 0 | |a Trials (Witchcraft) |x History. |
| 650 | 0 | 0 | |a Witchcraft |x Cross cultural studies. |
| 650 | 0 | 0 | |a Witches |x Crimes against. |
| 830 | 0 | |a Themes in history | |
| 852 | |a INST |b LESVOS |e 20080730 |h 306.4 BEH |p 005100042781 |q 005100042781 |t BK |y 0 | ||
| 901 | |a BIBL1-2008-2 | ||
| 909 | |a Λ |b 145268 | ||
| 922 | |a 1ΕΛΗ |b 200801 |c ΕΠΕΑΕΚ2/ΤΚΑ |d ΕΛΕΥΘΕΡΟΥΔΑΚΗΣ | ||
| 970 | |a ΧΑΤΖΗΜΙΧΑΗΛ |b ΜΑΡΙΑ |z 2008/07/30 | ||